[Event "Moscow Open Young GM"]
[Site "Moscow RUS"]
[Date "2011.02.01"]
[Round "6"]
[White "Kuzubov,Y"]
[Black "Sjugirov,S"]
[Result "1-0"]
[WhiteElo "2624"]
[BlackElo "2626"]

1.e4 c5 2.Nf3 d6 3.Bb5+ Nc6 4.O-O Bd7 5.Re1 Nf6 6.h3 Ne5 7.a4 Nxf3+ 8.Qxf3 a6
9.Bxd7+ Qxd7 10.Na3 Qc6 11.Nc4 e6 12.a5 Be7 13.b3 O-O 14.Bb2 Rad8 15.Rad1 d5
16.exd5 Qxd5 17.Qg3 Qc6 18.Re3 Rd5 19.Rde1 Rfd8 20.d3 Rf5 21.Be5 Nh5 22.Qg4 Nf6
23.Qg3 Nh5 24.Qh2 Rg5 25.f4 Rg6 26.f5 Rh6 27.g4 Nf6 28.Rg3 exf5 29.g5 Rg6
30.gxf6 Bxf6 31.Rxg6 hxg6 32.Qg2 Qd7 33.Kf1 Kh7 34.Nb6 Qb5 35.Bxf6 gxf6 36.Qxb7 Kg8
37.Qe7 Rd4 38.Qe8+  1-0

[Event "ch-CRO w"]
[Site "Topusko CRO"]
[Date "2011.02.02"]
[Round "5.5"]
[White "Sulc,G"]
[Black "Berke,A"]
[Result "0-1"]
[WhiteElo "1946"]
[BlackElo "2163"]

1.e4 c5 2.Nf3 d6 3.Bb5+ Bd7 4.Bxd7+ Qxd7 5.O-O Nc6 6.d4 cxd4 7.Nxd4 Nf6 8.Re1 g6
9.c4 Bg7 10.Nc3 O-O 11.Nc2 a6 12.Rb1 Rfc8 13.Na4 Qd8 14.Be3 Nd7 15.Qe2 Nce5
16.b3 b5 17.f4 bxa4 18.fxe5 Nxe5 19.Nb4 e6 20.Red1 Qa5 21.Nd3 axb3 22.axb3 Qc7
23.Nf4 a5 24.Rbc1 Qb7 25.Rxd6 Qxb3 26.Rb6 Qa3 27.c5 Ng4 28.Re1 Qxe3+ 29.Qxe3 Nxe3
30.c6 Bd4  0-1

[Event "Gibraltar Masters"]
[Site "Caleta ENG"]
[Date "2011.02.03"]
[Round "10.94"]
[White "Forsa,E"]
[Black "Messam Sparks,L"]
[Result "0-1"]
[WhiteElo "1726"]
[BlackElo "1904"]

1.e4 c5 2.Nf3 d6 3.Bb5+ Bd7 4.Bxd7+ Qxd7 5.c4 Nc6 6.Nc3 e6 7.d4 cxd4 8.Nxd4 Nf6
9.O-O Be7 10.h3 O-O 11.Re1 Rac8 12.Be3 a6 13.Rc1 Rfd8 14.b3 Qc7 15.Kh1 Qa5
16.Re2 Kh8 17.Rcc2 Nb4 18.Rc1 Nc6 19.Rcc2 Qh5 20.Nf3 h6 21.Kg1 Qg6 22.Nh4 Qh7
23.Nf3 Qg6 24.Nh4 Qh5 25.Nf3 Rg8 26.Qd2 g5 27.Kf1 g4 28.Ng1 gxh3 29.Nxh3 Rxg2
30.Kxg2 Qg4+ 31.Kh2 Ne5 32.Ng1 Rg8 33.f4 Qh4+ 34.Nh3 Nf3+ 35.Kh1 Qxh3+ 36.Rh2 Qf1+  0-1

[Event "33rd Bulgarian Open"]
[Site "Plovdiv BUL"]
[Date "2011.02.03"]
[Round "6.4"]
[White "Spasov,V"]
[Black "Arsovic,Z"]
[Result "1/2-1/2"]
[WhiteElo "2590"]
[BlackElo "2445"]

1.e4 c5 2.Nf3 d6 3.Bb5+ Bd7 4.Bxd7+ Qxd7 5.c4 Nf6 6.Nc3 Nc6 7.d4 cxd4 8.Nxd4 e6
9.O-O Be7 10.Be3 O-O 11.Qe2 Rac8 12.Rad1 a6 13.b3 Qc7 14.f4 Rfe8 15.Kh1 b5
16.Nxc6 Qxc6 17.e5 dxe5 18.fxe5 Ne4 19.Nxe4 Qxe4 20.Qf2  1/2-1/2

[Event "Orsha Masters"]
[Site "Orsha UKR"]
[Date "2011.02.04"]
[Round "9"]
[White "Shkuran,D"]
[Black "Bulanov,D"]
[Result "1/2-1/2"]
[WhiteElo "2392"]
[BlackElo "2358"]

1.e4 c5 2.Nf3 d6 3.Bb5+ Bd7 4.Bxd7+ Qxd7 5.O-O Nc6 6.c3 Nf6 7.Re1 e6 8.d4 cxd4
9.cxd4 Be7 10.Nc3 O-O 11.Bg5 h6  1/2-1/2

[Event "ch-TUR"]
[Site "Kemer-Antalya TUR"]
[Date "2011.02.05"]
[Round "1"]
[White "Koksal,R"]
[Black "Dastan,B"]
[Result "1-0"]
[WhiteElo "1902"]
[BlackElo "2147"]

1.e4 c5 2.Nf3 d6 3.Bb5+ Nd7 4.d4 Nf6 5.Nc3 cxd4 6.Nxd4 g6 7.O-O Bg7 8.Re1 O-O
9.Bxd7 Bxd7 10.h3 Qb6 11.Nb3 Rac8 12.Be3 Qc7 13.Bd4 e5 14.Be3 b5 15.Rc1 b4
16.Nd5 Nxd5 17.Qxd5 Be6 18.Qd2 Qc6 19.Qxb4 Qc4 20.Qxc4 Rxc4 21.Nd2 Ra4 22.a3 Rb8
23.b3 Rxa3 24.Ra1 Rxa1 25.Rxa1 f5 26.f3 Ra8 27.Rxa7 Rxa7 28.Bxa7 Bh6 29.Nf1 fxe4
30.fxe4 Bc1 31.c4 Kf7 32.Kf2 Bd7 33.Ke2 Bc6 34.Kd3 Ke6 35.Ng3 Bb2 36.Nf1 Bc1
37.Nh2 Bf4 38.Nf3 h5 39.Ne1 Kf6 40.b4 Bg3 41.Nf3 g5 42.Be3 g4 43.hxg4 hxg4
44.Nd2 Be1 45.b5 Bb7 46.Nb3 Bb4 47.Bb6 Kg5 48.Ba5 Kf4 49.Bxb4 Bxe4+ 50.Ke2 Bxg2
51.Kf2  1-0

[Event "Moscow Open Young GM"]
[Site "Moscow RUS"]
[Date "2011.02.05"]
[Round "10"]
[White "Zhigalko,S"]
[Black "Sjugirov,S"]
[Result "1/2-1/2"]
[WhiteElo "2671"]
[BlackElo "2626"]

1.e4 c5 2.Nf3 d6 3.Bb5+ Bd7 4.Bxd7+ Qxd7 5.O-O Nc6 6.c3 Nf6 7.d4 Nxe4 8.d5 Ne5
9.Re1 Nxf3+ 10.Qxf3 Nf6 11.Na3 e5 12.dxe6 fxe6 13.Bf4 Be7 14.Rad1 O-O 15.Qe2 Rfe8
16.Qxe6+ Qxe6 17.Rxe6 Kf7 18.Re2 Bf8 19.Red2 Rad8 20.f3 d5 21.Nb5 Rd7 22.Kf1 a6
23.Nc7 Red8 24.Be5 d4 25.cxd4 cxd4 26.Rxd4 Rxd4 27.Rxd4 Rxd4 28.Bxd4 Bd6
29.Bxf6 Bxc7 30.Bc3 Bxh2 31.Ke2 g6 32.Ke3 Ke6 33.Ke4 Bc7  1/2-1/2

[Event "Moscow Open E"]
[Site "Moscow RUS"]
[Date "2011.02.06"]
[Round "9"]
[White "Kuderinov,K"]
[Black "Kokarev,Dm"]
[Result "1-0"]
[WhiteElo "2469"]
[BlackElo "2583"]

1.e4 c5 2.Nf3 d6 3.Bb5+ Bd7 4.Bxd7+ Qxd7 5.O-O Nf6 6.Re1 Nc6 7.c3 e6 8.d4 cxd4
9.cxd4 d5 10.e5 Ne4 11.Nbd2 Nxd2 12.Bxd2 Be7 13.Rc1 O-O 14.h4 h6 15.Rc3 f5
16.exf6 Bxf6 17.Rd3 Qf7 18.Qe2 Rae8 19.Bc3 Qh5 20.Re3 Nd8 21.Bb4 Rf7 22.g3 Rc7
23.Ba5 b6 24.Bc3 Rc4 25.Kg2 Qf5 26.Ne5  1-0

[Event "FSFMA February"]
[Site "Budapest HUN"]
[Date "2011.02.08"]
[Round "4"]
[White "Mayer,I"]
[Black "Juracsik,J"]
[Result "0-1"]
[WhiteElo "2069"]
[BlackElo "2241"]

1.e4 c5 2.Nf3 d6 3.Bb5+ Nc6 4.d4 cxd4 5.Qxd4 Bd7 6.Qd2 Nf6 7.Nc3 g6 8.O-O Bg7
9.Re1 O-O 10.Nd5 Bg4 11.Qf4 Bxf3 12.Qxf3 Nd4 13.Qd3 Nxd5 14.exd5 Qa5 15.Be3 Nxb5
16.b4 Qa4 17.Rab1 Nc3 18.Rb3 Nxa2 19.Bd4 Nxb4 20.Qc4 Rfc8 21.Qxb4 Qxb4 22.Rxb4 Bxd4
23.Rxd4 Rxc2 24.h4 Rc7 25.h5 Rac8 26.Kh2 b5 27.Rb4 Rb8 28.h6 a5 29.Rbe4 Kf8
30.f4 f5 31.Rd4 b4 32.g4 Kf7 33.gxf5 gxf5 34.Rg1 Rg8 35.Rxg8 Kxg8 36.Rd2 b3
37.Rg2+ Kf8 38.Rg7 b2  0-1

[Event "ch-TUR"]
[Site "Kemer-Antalya TUR"]
[Date "2011.02.08"]
[Round "5.2"]
[White "Keler,F"]
[Black "Yilmaz,M"]
[Result "0-1"]
[WhiteElo "2219"]
[BlackElo "2477"]

1.e4 c5 2.Nf3 d6 3.Bb5+ Nd7 4.d4 Nf6 5.Nc3 cxd4 6.Qxd4 e5 7.Qd3 h6 8.Be3 a6
9.Bc4 b5 10.Bd5 Rb8 11.Ba7 Nxd5 12.Nxd5 Rb7 13.Be3 Nf6 14.O-O Nxd5 15.Qxd5 Rd7
16.a4 Bb7 17.Qd3 b4 18.Bd2 a5 19.c3 Qa8 20.Rfe1 bxc3 21.Bxc3 Be7 22.Nd2 O-O
23.Nb3 f5 24.f3 fxe4 25.fxe4 Bh4 26.Nxa5 Bf2+ 27.Kh1 Bxe1 28.Rxe1 Bxe4 29.Qg3 Rdf7  0-1

[Event "Aeroflot Open B"]
[Site "Moscow RUS"]
[Date "2011.02.08"]
[Round "1"]
[White "Karpatchev,A"]
[Black "Charochkina,D"]
[Result "1-0"]
[WhiteElo "2474"]
[BlackElo "2314"]

1.e4 c5 2.Nf3 d6 3.Bb5+ Nc6 4.O-O Bd7 5.c3 Nf6 6.Re1 a6 7.Bf1 Bg4 8.h3 Bh5
9.g4 Bg6 10.d4 cxd4 11.cxd4 d5 12.e5 Ne4 13.e6 Qd6 14.exf7+ Bxf7 15.Nc3 g6
16.Ne5 Nxe5 17.dxe5 Nxc3 18.bxc3 Qc6 19.e6 Bxe6 20.Qd4 Rg8 21.Rb1 Bf7 22.Rb6 Qd7
23.Qb4 e6 24.Qb3 Bc5 25.Rxb7 Qd6 26.Qa4+ Kf8 27.Bf4 Qd8 28.Bh6+ Rg7 29.Qf4 Be7
30.Rxe6  1-0

[Event "Aeroflot Open B"]
[Site "Moscow RUS"]
[Date "2011.02.09"]
[Round "2"]
[White "Kuderinov,K"]
[Black "Lu Yijie"]
[Result "1/2-1/2"]
[WhiteElo "2469"]
[BlackElo "2311"]

1.e4 c5 2.Nf3 d6 3.Bb5+ Bd7 4.Bxd7+ Qxd7 5.O-O Nc6 6.c3 Nf6 7.Re1 e6 8.d4 cxd4
9.cxd4 d5 10.e5 Ne4 11.Nbd2 Nxd2 12.Bxd2 Be7 13.Rc1 O-O 14.h4 h6 15.Rc3 Bd8
16.Rd3 Bb6 17.h5 f5 18.Bc3 Qe7 19.g3 f4 20.g4 g5 21.hxg6 Qg7 22.Kh2 Bd8 23.Nd2 Bh4
24.Qe2 Qxg6 25.Rh3 Be7 26.Nf3 Kf7 27.Rg1 a6 28.a4 Rac8 29.Qd1 Kg7 30.Qb3 Rc7
31.Qb6 Rd7 32.Qb3 Rc7 33.Qd1 Bg5 34.Rh5 b5 35.axb5 axb5 36.Kg2 b4 37.Bd2 Be7
38.Rgh1 Qxg4+ 39.Kf1 Bg5 40.Rxh6 Bxh6 41.Rg1 Qxg1+ 42.Kxg1 Ra7 43.Qc2 Rc8
44.Bxb4 Ra1+ 45.Kh2 Ne7 46.Qd3 Nf5 47.Qb5 Rc2 48.Bd2 Kf7 49.Qb7+ Kg8 50.Kg2 Ne3+
51.Bxe3 fxe3 52.Qd7 exf2 53.Qxe6+ Kg7 54.Qe7+  1/2-1/2

[Event "1st Open"]
[Site "Cento ITA"]
[Date "2011.02.11"]
[Round "7"]
[White "Roversi,S"]
[Black "Cardani,R"]
[Result "1-0"]
[WhiteElo "1885"]
[BlackElo "1947"]

1.e4 c5 2.Nf3 d6 3.Bb5+ Bd7 4.Bxd7+ Qxd7 5.O-O Nc6 6.c3 Nf6 7.Re1 e6 8.d4 cxd4
9.cxd4 d5 10.Nc3 dxe4 11.Nxe4 Nxe4 12.Rxe4 O-O-O 13.Bf4 Bd6 14.Bxd6 Qxd6
15.Rc1 Kb8 16.Qa4 Rc8 17.Re3 Nxd4 18.Rd1 Nxf3+ 19.Rxf3 Rhd8 20.Re1 f6 21.g3 e5
22.Ra3 a6 23.Qe4 Qd4 24.Qxd4 Rxd4 25.Re2 e4 26.Rc3 Rcd8 27.Rcc2 f5 28.Kg2 g5
29.h3 h5 30.Rc5 R4d5 31.Rec2 Rd2 32.Rxd2 Rxd2 33.Rxf5 Rxb2 34.Rxg5 e3 35.Rf5 e2
36.Re5 Rxa2 37.g4 hxg4 38.hxg4  1-0

[Event "1st Open"]
[Site "Cento ITA"]
[Date "2011.02.11"]
[Round "7"]
[White "Damia,A"]
[Black "Baldazzi,S"]
[Result "1/2-1/2"]
[WhiteElo "2360"]
[BlackElo "2180"]

1.e4 c5 2.Nf3 d6 3.Bb5+ Bd7 4.Bxd7+ Qxd7 5.c4 e5 6.Nc3 g6 7.d3 Bg7 8.Nd5 Ne7
9.Bh6 O-O 10.Bxg7 Kxg7 11.Qd2 Nbc6 12.h4 h5 13.Rh3 Nd4 14.Nxd4 cxd4 15.Nxe7 Qxe7
16.f3 Qe6 17.a4 b6 18.Kf1 f5 19.Re1 Rac8 20.Kg1 Qd7 21.b3 Rce8 22.Rg3 f4
23.Rg5 Kh7 24.Kh2 Rg8 25.Rg1 Ref8 26.Qb4 Rb8 27.Qe1 Rbf8 28.Qb4 Rb8 29.Qe1 Rbf8
30.Qb4  1/2-1/2

[Event "ch-TUR"]
[Site "Kemer-Antalya TUR"]
[Date "2011.02.11"]
[Round "8"]
[White "Menzi,N"]
[Black "Alev,G"]
[Result "1-0"]
[WhiteElo "1866"]
[BlackElo "1611"]

1.e4 c5 2.Nf3 d6 3.Bb5+ Bd7 4.Bxd7+ Qxd7 5.O-O Nc6 6.c3 Nf6 7.Re1 g6 8.d4 cxd4
9.cxd4 Bg7 10.d5 Nb4 11.Nc3 O-O 12.Be3 Na6 13.Qd2 Ng4 14.Bd4 Nc7 15.Bxg7 Kxg7
16.Rad1 a6 17.h3 Nf6 18.Nd4 b5 19.Qe3 b4 20.Nce2 Nb5 21.Rc1 Qa7 22.Qd3 Nxd4
23.Nxd4 Qb7 24.Rc6 Nd7 25.f4 Nc5 26.Qe3 Rac8 27.e5 Rxc6 28.Nxc6 Na4 29.exd6 exd6
30.Qd4+ Kh6 31.Qf6 Qb6+ 32.Kh2 Qc5 33.Ne7 Qc2 34.Re2 Qd3 35.Re3 Qc2 36.Rg3 Rb8
37.Rg4  1-0

[Event "TCh-CAT Div Hon"]
[Site "Barcelona ESP"]
[Date "2011.02.12"]
[Round "3"]
[White "Estrada Nieto,J"]
[Black "Cruz,Jon"]
[Result "1-0"]
[WhiteElo "2309"]
[BlackElo "2402"]

1.e4 c5 2.Nf3 d6 3.Bb5+ Bd7 4.Bxd7+ Nxd7 5.O-O Ngf6 6.Qe2 e6 7.b3 Be7 8.Bb2 O-O
9.d4 cxd4 10.Nxd4 Rc8 11.c4 Re8 12.Nc3 a6 13.Rad1 Qa5 14.f4 Bf8 15.Kh1 Rc5
16.Nc2 Rc6 17.Nd4 Rc7 18.Rf3 d5 19.e5 Ne4 20.Nxe4 dxe4 21.Qxe4 Qxa2 22.Bc3 Nc5
23.Qe1 Nxb3 24.Nxb3 Rxc4 25.Nd2 Rc6 26.Ne4 Rec8 27.h3 b5 28.Nd6 R8c7 29.Ba5 Rd7
30.Bb4 Qc2 31.Rg3 Rc4 32.Rd2 Qc1 33.Qxc1 Rxc1+ 34.Kh2 Rb1 35.Rd4 Ra1 36.Bc3 Rf1
37.Nxb5 Rxd4 38.Nxd4 Rxf4 39.Rd3 h5 40.Nf3 Rc4 41.Bd2 Be7 42.Rd7 Kf8 43.Ra7 f6
44.Rxa6 Kf7 45.Ra7 Ke8 46.Ra5 h4 47.exf6 gxf6 48.Rh5 Bd6+ 49.Kg1 Bg3 50.Kf1 Kf7
51.Rb5 e5 52.Rb4 Rc2 53.Ke2 f5 54.Kd1 Rc8 55.Nxh4 Bxh4 56.Rxh4 Rg8 57.g4 f4
58.Rh5 Re8 59.Ke2 Kg6 60.Kf3 Rd8 61.Bxf4 exf4 62.Kxf4 Rd4+ 63.Kg3 Rd3+ 64.Kh4 Rd6
65.Rf5 Rd3 66.Ra5 Rd6 67.Ra3 Rb6 68.Kg3 Kf6 69.h4 Rc6 70.Rf3+ Kg6 71.h5+ Kh6
72.Kh4 Rb6 73.g5+ Kg7 74.Kg4 Ra6 75.Rf4 Ra1 76.h6+ Kg8 77.Kh5 Ra6 78.Rf6 Ra7
79.Re6 Ra5 80.Kg6 Ra8 81.Rf6 Rb8 82.Rf5 Rb6+ 83.Kh5 Rb1 84.Re5 Kf7 85.Rf5+ Kg8  1-0

[Event "Aeroflot Open B"]
[Site "Moscow RUS"]
[Date "2011.02.12"]
[Round "5"]
[White "Alavkin,A"]
[Black "Dolzhikova,K"]
[Result "1-0"]
[WhiteElo "2393"]
[BlackElo "2303"]

1.e4 c5 2.Nf3 d6 3.Bb5+ Bd7 4.Bxd7+ Qxd7 5.O-O Nf6 6.Qe2 Nc6 7.c3 e6 8.d4 cxd4
9.cxd4 d5 10.e5 Ne4 11.Be3 Be7 12.Ne1 f6 13.f3 Ng5 14.Nd3 Nf7 15.f4 f5 16.Nd2 O-O
17.Nf3 b6 18.h3 Rfc8 19.g4 Nfd8 20.Bd2 a5 21.Rae1 Rc7 22.Qg2 a4 23.Kh1 Na5
24.Rg1 Bf8 25.gxf5 exf5 26.Nh4 Rc2 27.e6 Nxe6 28.Ne5 Qd8 29.Nxf5 Qf6 30.Ng4 Qg6
31.Qxd5 Rd8 32.Qxe6+ Qxe6 33.Rxe6 Kf7 34.Rxb6 Nc4 35.Rc6 g6 36.Rc7+  1-0

[Event "Aeroflot Open B"]
[Site "Moscow RUS"]
[Date "2011.02.12"]
[Round "5"]
[White "Khachiyan,M"]
[Black "Gundavaa,B"]
[Result "0-1"]
[WhiteElo "2518"]
[BlackElo "2493"]

1.e4 c5 2.Nf3 d6 3.Bb5+ Nd7 4.d4 cxd4 5.Qxd4 a6 6.Bxd7+ Bxd7 7.Nc3 e5 8.Qd3 h6
9.O-O Nf6 10.a4 Be7 11.Nd2 Qc7 12.Nc4 Rc8 13.Ne3 Be6 14.Bd2 O-O 15.Rfd1 Qc5
16.Be1 Rfd8 17.Rac1 g6 18.g3 h5 19.h4 Kh7 20.Kg2 Bf8 21.Ncd5 Nxd5 22.Nxd5 Bh6
23.Bd2 Bxd5 24.Bxh6 Bc6 25.Bg5 Rd7 26.b3 d5 27.Kg1 dxe4 28.Qe3 Qxe3 29.Bxe3 Rcd8
30.Rxd7 Rxd7 31.Kf1 f5 32.Ke1 Rf7 33.Rd1 f4 34.gxf4 exf4 35.Bc1 g5 36.hxg5 Kg6
37.Rd8 Kxg5 38.Rg8+ Kh4 39.c4 Bd7 40.Ba3 Bg4 41.Bd6 Kh3 42.Kf1 e3 43.fxe3 fxe3+
44.Ke1 Kg2  0-1

[Event "TCh-FIN 2010-11"]
[Site "Tampere FIN"]
[Date "2011.02.12"]
[Round "6.5"]
[White "Hokkanen,P"]
[Black "Maki,V"]
[Result "1-0"]
[WhiteElo "2304"]
[BlackElo "2409"]

1.e4 c5 2.Nf3 d6 3.Bb5+ Nd7 4.O-O a6 5.Bxd7+ Bxd7 6.d4 cxd4 7.Qxd4 Rc8 8.Nc3 e5
9.Qd3 h6 10.Rd1 Nf6 11.h3 Be7 12.Be3 b5 13.a4 b4 14.Nb1 Qc7 15.c3 bxc3 16.Nxc3 Qb7
17.Nd2 Be6 18.Rdc1 O-O 19.b4 d5 20.exd5 Nxd5 21.Nxd5 Bxd5 22.b5 Bxg2 23.Kh2 Rcd8
24.Qf5 Bd5 25.Rg1 Rd6 26.Rg3 Rg6 27.Rag1 Bg5 28.Bxg5 hxg5 29.Rxg5 axb5 30.axb5 Qb6
31.Nf1 Rxg5 32.Rxg5 f6 33.Rg3 Qe6 34.Qh5 f5 35.Rg5 Qf7 36.Rg6 f4 37.Qg5 Be4
38.Ra6 Qc7 39.Nd2 Bb7 40.Rg6 Rf7 41.Re6 Qd7 42.Qxe5 Qxd2 43.Re8+ Rf8 44.Rxf8+ Kxf8
45.Qb8+ Kf7 46.Qxb7+ Kg8 47.Qc8+ Kh7 48.Qc5 Qb2 49.Kg2 Qb1 50.b6 Qe4+ 51.Kh2 Qb1
52.Qc7 f3 53.b7 Qb2 54.Kg3 Qb1 55.b8=Q Qg1+ 56.Kxf3  1-0

[Event "16th Lienz-Open 2011"]
[Site "Lienz AUT"]
[Date "2011.02.13"]
[Round "2"]
[White "Dimitrov,At"]
[Black "Teuschler,H"]
[Result "1-0"]
[WhiteElo "2355"]
[BlackElo "2060"]

1.e4 c5 2.Nf3 d6 3.Bb5+ Nd7 4.O-O a6 5.Bxd7+ Bxd7 6.d4 cxd4 7.Qxd4 Nf6 8.c4 e6
9.Nc3 Be7 10.Bg5 h6 11.Bh4 Qc7 12.Rac1 Rc8 13.b3 Qc5 14.Qd2 Bc6 15.Rfe1 g5
16.Bg3 e5 17.Nd5 Qa3 18.Nxe5 dxe5 19.Bxe5 Bxd5 20.exd5 O-O 21.Bb2 Qd6 22.Qd4 Bd8
23.g3 Qd7 24.Re3 Qf5 25.Rce1 Qh7 26.Ba3 Qg7 27.Bxf8 Qxf8 28.d6  1-0

[Event "Aeroflot Open B"]
[Site "Moscow RUS"]
[Date "2011.02.13"]
[Round "6"]
[White "Ovetchkin,R"]
[Black "Vishnu,P"]
[Result "1-0"]
[WhiteElo "2498"]
[BlackElo "2369"]

1.e4 c5 2.Nf3 d6 3.Bb5+ Nd7 4.c3 Nf6 5.Qe2 a6 6.Ba4 c4 7.Bc2 b5 8.b3 Qc7
9.bxc4 Qxc4 10.d3 Qc7 11.a4 Bb7 12.axb5 axb5 13.Rxa8+ Bxa8 14.O-O g6 15.Nd4 Qb8
16.Na3 b4 17.cxb4 Qxb4 18.Ndb5 Bc6 19.Bd2 Qc5 20.Ba4 Bxb5 21.Nxb5 e6 22.Rc1 Qb6
23.Be3 Qa5 24.Na7  1-0

[Event "TCh-FIN 2010-11"]
[Site "Porvoo FIN"]
[Date "2011.02.13"]
[Round "7.4"]
[White "Nyysti,S"]
[Black "Luukkonen,T"]
[Result "1-0"]
[WhiteElo "2365"]
[BlackElo "2298"]

1.e4 c5 2.Nf3 d6 3.Bb5+ Nd7 4.O-O Nf6 5.d3 g6 6.b3 Bg7 7.Bb2 O-O 8.Nbd2 Nb8
9.d4 a6 10.Bd3 Nh5 11.Re1 Nc6 12.c3 Nf4 13.Bf1 cxd4 14.Nxd4 Bd7 15.N2f3 Bg4
16.h3 Nxd4 17.cxd4 Bd7 18.Qd2 Bh6 19.Kh2 f5 20.d5 fxe4 21.Qd4 exf3 22.Qh8+ Kf7
23.Qxh7+ Ke8 24.Qxh6 Rc8 25.Bg7 fxg2 26.Bxg2 Rf5 27.Qh7 Bb5 28.Bh6 Kd7 29.Bxf4 Rxf4
30.a4 Bd3 31.Re3 Rxf2 32.Rxd3 Rcc2 33.Rg1 g5 34.Rf3 Qb6 35.Qf5+ Kc7 36.Rxf2 Rxf2
37.Qxg5 Re2 38.Rc1+ Kb8 39.Qg8+ Ka7 40.Rc8 Qe3 41.Ra8+ Kb6 42.Qd8+ Kc5 43.Qa5+ Kd4
44.Qb4+ Kd3 45.Qc4+ Kd2 46.Rf8 b5 47.axb5 axb5 48.Qf4 Kc2 49.Qxe3 Rxe3 50.b4 Rc3
51.Rb8  1-0

[Event "ch-ROU Men"]
[Site "Sarata Monteoru ROU"]
[Date "2011.02.13"]
[Round "2.17"]
[White "Sava,B"]
[Black "Baratosi,D"]
[Result "1-0"]
[WhiteElo "2153"]
[BlackElo "2372"]

1.e4 c5 2.Nf3 d6 3.Bb5+ Bd7 4.Bxd7+ Qxd7 5.O-O Nf6 6.Re1 Nc6 7.c3 e6 8.d4 cxd4
9.cxd4 d5 10.e5 Ne4 11.Nbd2 Nxd2 12.Bxd2 Be7 13.Rc1 O-O 14.Qe2 Rfc8 15.Qd3 h6
16.h3 Bd8 17.Nh2 Ne7 18.Ng4 h5 19.Ne3 Bb6 20.Bc3 Qa4 21.a3 Rc7 22.Rcd1 Rac8
23.g3 Ng6 24.Qe2 Nxe5 25.Nxd5 exd5 26.Qxe5 h4 27.Rd3 Qb5 28.Rde3 Rc6 29.Qf5 g6
30.Re8+ Rxe8 31.Rxe8+ Kg7 32.Qe5+ Rf6 33.Qe7 Re6 34.Qf8+ Kf6 35.Qh8+ Kf5
36.Rf8 hxg3 37.Rxf7+ Ke4 38.Qh4+ Kd3 39.Qg4 Qe8 40.Qd1+ Kc4 41.Qf1+ Re2 42.Rf3 g2
43.Qd1 Kb5 44.Qd3+ Kc6 45.Bb4 Qe4 46.Rf6+ Kc7 47.Qg3+ Kc8 48.Qc3+ Kd7 49.Rd6+ Ke8
50.Qc8+ Kf7 51.Rd7+ Kf6 52.Qf8+ Kg5 53.Be7+  1-0

[Event "Aeroflot Open B"]
[Site "Moscow RUS"]
[Date "2011.02.14"]
[Round "7"]
[White "Ulibin,M"]
[Black "Romanko,M"]
[Result "1-0"]
[WhiteElo "2547"]
[BlackElo "2404"]

1.e4 c5 2.Nf3 d6 3.Bb5+ Nc6 4.Bxc6+ bxc6 5.O-O e5 6.c3 Nf6 7.d4 Nxe4 8.Re1 f5
9.dxe5 d5 10.Qa4 Qb6 11.c4 Qa6 12.Qxa6 Bxa6 13.cxd5 cxd5 14.Nh4 f4 15.f3 Ng5
16.e6 Be7 17.Nf5 g6 18.Nxe7 Kxe7 19.Nc3 Bb7 20.Na4 Rac8 21.b3 Nxe6 22.Ba3 Kf7
23.Rxe6 Kxe6 24.Nxc5+ Rxc5 25.Bxc5 Rc8 26.Bxa7 Rc2 27.b4 Ba6 28.a4 Bc4 29.b5 Kd7
30.Bd4 Kc8 31.h4 Kb7 32.Be5 h5 33.Bxf4 d4 34.Rc1 d3 35.Rxc2 dxc2 36.Be3 Bb3
37.a5 Bc4 38.b6 Bd5 39.Kf2 Ka6 40.Bd2 c1=Q 41.Bxc1 Kxa5 42.Be3 Ka6 43.Kg3 Bc4
44.Kf4 Bf1 45.g4 Bg2 46.Kg3 Bh1 47.f4  1-0

[Event "Aeroflot Open B"]
[Site "Moscow RUS"]
[Date "2011.02.15"]
[Round "8"]
[White "Kuderinov,K"]
[Black "Lu Shanglei"]
[Result "0-1"]
[WhiteElo "2469"]
[BlackElo "2416"]

1.e4 c5 2.Nf3 d6 3.Bb5+ Nc6 4.O-O Bd7 5.Re1 Nf6 6.h3 g6 7.c3 Bg7 8.d4 O-O
9.d5 Ne5 10.Bf1 Nxf3+ 11.Qxf3 e6 12.Na3 e5 13.b4 cxb4 14.cxb4 Nxd5 15.Rb1 Nb6
16.Nc4 Be6 17.Nxb6 axb6 18.a3 d5 19.exd5 Qxd5 20.Qxd5 Bxd5 21.Bb2 e4 22.Bxg7 Kxg7
23.Rbd1 Rfd8 24.b5 f5 25.Rd4 Bb3 26.Rxd8 Rxd8 27.f3 Bd5 28.Kf2 Kf6 29.Rc1 f4
30.fxe4 Bxe4 31.g3 Rd2+ 32.Ke1 Ra2 33.gxf4 Kf5 34.Rc7 Kxf4 35.Rxh7 Ke3 36.Rd7 Rxa3
37.Rd1 g5 38.Rc1 Rb3 39.Be2 Rb1 40.Rxb1 Bxb1 41.Bg4 Bd3 42.Bd7 Bc4 43.Be8 Kf3
44.Bd7 Kg3 45.Be8 Be6 46.Kf1 Kh2 47.h4 g4 48.Bh5 Bf5 49.Ke2 g3  0-1

[Event "Aeroflot Open B"]
[Site "Moscow RUS"]
[Date "2011.02.15"]
[Round "8"]
[White "Kabanov,N"]
[Black "Wen Yang"]
[Result "1-0"]
[WhiteElo "2482"]
[BlackElo "2509"]

1.e4 c5 2.Nf3 d6 3.Bb5+ Nd7 4.O-O a6 5.Bxd7+ Bxd7 6.d4 cxd4 7.Qxd4 Rc8 8.c4 Qc7
9.b3 b5 10.Nbd2 Nf6 11.e5 dxe5 12.Nxe5 e6 13.Bb2 Bc5 14.Qh4 O-O 15.Rad1 Be8
16.Ndf3 Qe7 17.Rfe1 h6 18.Nd4 bxc4 19.Nxc4 Nd5 20.Qh3 Nf4 21.Qf3 Bxd4 22.Rxd4 Ng6
23.Ba3 Qa7 24.Qc3 Ne7 25.Rg4 f6 26.Rxe6 Nd5 27.Qd2 Bh5 28.Qxd5  1-0

[Event "ch-ROU Women"]
[Site "Sarata Monteoru ROU"]
[Date "2011.02.15"]
[Round "4.12"]
[White "Bratu,Andreea"]
[Black "Florea,Do"]
[Result "1/2-1/2"]
[WhiteElo "1724"]
[BlackElo "1906"]

1.e4 c5 2.Nf3 d6 3.Bb5+ Bd7 4.Bxd7+ Qxd7 5.c4 Nf6 6.Nc3 Nc6 7.O-O g6 8.d4 cxd4
9.Nxd4 Bg7 10.Nc2 O-O 11.Qe2 Rac8 12.f4 Na5 13.Ne3 e6 14.b4 Nc6 15.Rb1 a6
16.g3 Rfd8 17.Rd1 Qc7 18.Ba3 Nh5 19.Rbc1 Qb6 20.Na4 Qa7 21.Rd3 b5 22.Nb2 Nd4
23.Qf2 bxc4 24.Nbxc4 Nb5 25.Bb2 Bxb2 26.Qxb2 d5 27.exd5 Rxd5 28.Qe2 Nd6 29.Kf1 Rxd3
30.Qxd3 Nxc4 31.Rxc4 Rxc4 32.Nxc4 Qb7 33.Qd8+ Kg7 34.Qd4+ f6 35.Kg1 Qc7 36.a3 Kf7
37.Kf2 Ng7 38.g4 Ne8 39.h3 Qc6 40.Ne3 Nc7 41.Qc4 Qxc4 42.Nxc4 Ke7  1/2-1/2

[Event "World Blitz Qualifier"]
[Site "Moscow RUS"]
[Date "2011.02.17"]
[Round "1.1"]
[White "Karjakin,Sergey"]
[Black "Smirnov,P"]
[Result "1-0"]
[WhiteElo "2776"]
[BlackElo "2523"]

1.e4 c5 2.Nf3 d6 3.Bb5+ Nc6 4.O-O Bd7 5.c4 Nf6 6.Nc3 g6 7.d4 cxd4 8.Nxd4 Bg7
9.Bxc6 bxc6 10.c5 dxc5 11.Nb3 c4 12.Nc5 O-O 13.Qe2 Qa5 14.Qxc4 Rab8 15.a3 Bc8
16.Rd1 Qc7 17.h3 Nd7 18.N3a4 Nxc5 19.Nxc5 Bxb2 20.Bxb2 Rxb2 21.Qc3 Rb8 22.Rd3 Rd8
23.Rad1 Re8 24.h4 h5 25.f3 Qg3 26.Qe1 Qe5 27.Qe3 Be6 28.Qg5 Qxg5 29.hxg5 Bc4
30.Rc3 Be2 31.Rd2 Rb1+ 32.Kf2 Bf1 33.a4 h4 34.f4 Reb8 35.Nd7 R8b4 36.Nc5 Kg7
37.Rdc2 a5 38.Rh3 Bc4 39.Rxh4 R1b2 40.Rxb2 Rxb2+ 41.Kf3 Rc2 42.Ke3 Rxg2 43.Rh1 Re2+
44.Kd4 Ba2 45.Rc1 Rb2 46.Ke3 Rb4 47.Rc2 Bb3 48.Rb2 Bc4 49.Rxb4 axb4 50.Kd4 b3
51.Kc3 Kf8 52.a5 Ke8 53.a6 Bxa6 54.Nxa6 e5 55.fxe5 Ke7 56.Nc5  1-0

[Event "ch-ROU Men"]
[Site "Sarata Monteoru ROU"]
[Date "2011.02.17"]
[Round "8.29"]
[White "Corlatescu,D"]
[Black "Dobre,Mihai"]
[Result "1-0"]
[WhiteElo "2191"]
[BlackElo "1875"]

1.e4 c5 2.Nf3 d6 3.Bb5+ Bd7 4.Bxd7+ Qxd7 5.O-O Nc6 6.d4 cxd4 7.Nxd4 Nf6 8.Re1 g6
9.c4 Bg7 10.Nc3 O-O 11.Be3 Rac8 12.b3 Ng4 13.Nxc6 Bxc3 14.Nxe7+ Qxe7 15.Qxg4 Bxa1
16.Rxa1 Rfe8 17.Bxa7 Qxe4 18.Qxe4 Rxe4 19.Be3 f5 20.g3 Ra8 21.a4 Kf7 22.Rd1 Ra6
23.Kf1 Re6 24.Rd5 Re5 25.Rd3 Re6 26.h4 h5 27.Rd1 Ke8 28.Bf4 Ke7 29.Rd5 Rb6
30.Rd3 Rc6 31.Be3 Ra6 32.Ke2 Kd7 33.Kd2 Kc6 34.Kc3 Ra8 35.Rd1 b6 36.Rd2 Rae8
37.Bf4 Rd8 38.Be3 Rde8 39.Rd3 Rd8 40.b4 Ra8 41.Kb3 Re4 42.Rd2 Re6 43.Bf4 Ra7
44.Rd5 Rd7 45.b5+ Kb7 46.a5 bxa5 47.c5 Rd8 48.Bxd6 Ka7 49.Ka4 Re4+ 50.Kxa5 Ra8
51.c6  1-0

[Event "ch-POL Women"]
[Site "Warsaw POL"]
[Date "2011.02.18"]
[Round "7"]
[White "Kulon,K"]
[Black "Lach,A"]
[Result "1-0"]
[WhiteElo "2220"]
[BlackElo "2172"]

1.e4 c5 2.Nf3 d6 3.Bb5+ Bd7 4.Bxd7+ Nxd7 5.O-O Ngf6 6.Re1 e6 7.c3 Be7 8.d4 cxd4
9.cxd4 d5 10.e5 Ne4 11.Nbd2 Nxd2 12.Bxd2 O-O 13.Rc1 Qb6 14.Qc2 Nb8 15.Qc7 Bd8
16.Qc5 Nc6 17.b4 Be7 18.Qxb6 axb6 19.b5 Na5 20.Rc7 Rfe8 21.Bxa5 Rxa5 22.Rb1 Ra7
23.g4 Kf8 24.Rbc1 Rea8 25.Rc8+ Bd8 26.R1c7 Rxc8 27.Rxc8 Ke8 28.Rc2 Ra5 29.Rb2 Be7
30.Kg2 Kd8 31.h4 h6 32.Kg3 Ra3 33.Kg2 Ra4 34.g5 hxg5 35.hxg5 Ra3 36.Rd2 Kd7
37.Rb2 Rc3 38.Re2 Bb4 39.Kg3 Rc1 40.Rb2 Bc3 41.Rb3 Rc2 42.Kg2 Kc7 43.Kg3 Ba1
44.Ra3 Kb8 45.Ra4 Rb2 46.g6 fxg6 47.Ng5 Rxb5 48.Nxe6 Rb1 49.Kf3 Rd1 50.Rb4 Kc8
51.Ke2 Rc1 52.Rxb6 Rc2+ 53.Ke3 Rc3+ 54.Kf4 Rc6 55.Rxc6+ bxc6 56.Ke3 g5 57.f3 Kd7
58.Nc5+ Kc8 59.Kd3 Bb2 60.a4 Ba3 61.a5 Bb4 62.a6 Kb8 63.e6  1-0

[Event "Frauenbundesliga 1st Div 2010-11"]
[Site "Germany GER"]
[Date "2011.02.19"]
[Round "8.3"]
[White "Kulovana,E"]
[Black "Nemcova,Kat"]
[Result "1/2-1/2"]
[WhiteElo "2350"]
[BlackElo "2287"]

1.e4 c5 2.Nf3 d6 3.Bb5+ Bd7 4.Bxd7+ Qxd7 5.c4 Nf6 6.Nc3 g6 7.O-O Bg7 8.d3 Nc6
9.a3 O-O 10.Rb1 Ne8 11.Ne2 a5 12.Bd2 Nc7 13.Nf4 b5 14.b3 e6 15.Be3 Rab8 16.Ne2 b4
17.axb4 axb4 18.d4 Qe7 19.d5 exd5 20.exd5 Nd8 21.Qd2 Re8 22.Ng3 Qf8 23.h4 h5
24.Qc2 Ra8 25.Rfe1 f5 26.Ne2 Bf6 27.Bg5 Re4 28.Ng3 Rxe1+ 29.Rxe1 Bxg5 30.Nxg5 Qf6
31.Qe2 Ra1 32.Rxa1 Qxa1+ 33.Kh2 Qf6 34.f4 Nf7 35.Nf1 Nh6 36.Kh1 Ng4 37.g3 Kg7
38.Nh2 Kh6 39.Kg2 Kg7 40.Kh1 Kh6 41.Kg2 Kg7 42.Kh1  1/2-1/2